000 00407nam a2200169Ia 4500
008 210210b1955 xxu||||| |||| 00| 0 eng d
041 _aeng
082 _a823/401
100 _aSHAKESPEARE (William)
245 _aTragedies of Shakespeare
260 _aChicago
_bSpencer Press Inc
_c1955
650 _aTragedies
650 _aShakespeare
650 _aof
690 _aEnglish Drama
906 _a013944
999 _c133014
_d133014